| 000 | 00475nam a2200205Ia 4500 | ||
|---|---|---|---|
| 003 | OSt | ||
| 005 | 20260219163448.0 | ||
| 008 | 210210b1981 xxu||||| |||| 00| 0 eng d | ||
| 040 | _cAL | ||
| 041 | _aEnglish | ||
| 082 | _a813.54 LAMB | ||
| 100 |
_aLouis Lamour _9256000 |
||
| 245 | _aBrionne | ||
| 260 |
_aN Y _bBantam books _c1981 |
||
| 300 | _avi,154 | ||
| 650 |
_aFiction _9256001 |
||
| 690 |
_aAmerican English Fiction _9256002 |
||
| 906 | _a037422 | ||
| 942 |
_2ddc _cBK |
||
| 999 |
_c87808 _d87808 |
||